RICS awards 2001 (Record no. 66100)

MARC details
000 -LEADER
fixed length control field 01019cam a2200217 4500
001 - CONTROL NUMBER
control field WB3707-05
008 - FIXED-LENGTH DATA ELEMENTS--GENERAL INFORMATION
fixed length control field 000000n2001 000 0 eng u
035 ## - SYSTEM CONTROL NUMBER
System control number (Sirsi) u110881
245 ## - TITLE STATEMENT
Title RICS awards 2001
260 ## - PUBLICATION, DISTRIBUTION, ETC.
Date of publication, distribution, etc. 2001
490 ## - SERIES STATEMENT
Series statement RICS Press Release
Volume/sequential designation (pr16) 12 February 2001, (2)
520 ## - SUMMARY, ETC.
Summary, etc. The RICS has started looking for entries for the 2001 competition to find the world's outstanding buildings and conservation projects. The 2001 Awards, intended to encourage sustainable development, will be given in 3 categories: building conservation, regeneration (urban, rural or coastal) and building efficiency. Closing date 27 April. Further information RICS Press Office 020 7334 3775 or Spada 020 7593 3333 (also entry form)
590 ## - LOCAL NOTE (RLIN)
Local note WB
650 ## - SUBJECT ADDED ENTRY--TOPICAL TERM
Topical term or geographic name entry element ABOUT RICS-AWARDS
650 ## - SUBJECT ADDED ENTRY--TOPICAL TERM
Topical term or geographic name entry element SUSTAINABLE BUILDINGS
650 ## - SUBJECT ADDED ENTRY--TOPICAL TERM
Topical term or geographic name entry element CONSERVATION
650 ## - SUBJECT ADDED ENTRY--TOPICAL TERM
Topical term or geographic name entry element REGENERATION
650 ## - SUBJECT ADDED ENTRY--TOPICAL TERM
Topical term or geographic name entry element EFFICIENCY
690 ## - LOCAL SUBJECT ADDED ENTRY--TOPICAL TERM (OCLC, RLIN)
Topical term or geographic name as entry element BUILT ENVIRONMENT-BUILDING MAINTENANCE AND REFURBISHMENT-BUILDING CONSERVATION
942 ## - ADDED ENTRY ELEMENTS (KOHA)
Suppress in OPAC 0
Holdings
Withdrawn status Lost status Source of classification or shelving scheme Damaged status Not for loan Home library Current library Shelving location Date acquired Total Checkouts Full call number Barcode Date last seen Copy number Price effective from Koha item type
    Dewey Decimal Classification     London London News article 13/02/2001   WB3707-05 110881-1001 06/08/2019 1 06/08/2019 News article